-
PRAJAPATI, DR. HETAL R. AND VAGHELA, VIPUL M.
Entry Personal Name
Number of records used in: 1
001 - CONTROL NUMBER
003 - CONTROL NUMBER IDENTIFIER
005 - DATE AND TIME OF LATEST TRANSACTION
- control field:
20220210120804.0
008 - FIXED-LENGTH DATA ELEMENTS
- fixed length control field:
220210|| aca||aabn | a|a d
040 ## - CATALOGING SOURCE
- Original cataloging agency:
OSt
- Transcribing agency:
OSt
100 ## - HEADING--PERSONAL NAME
- Personal name:
PRAJAPATI, DR. HETAL R. AND VAGHELA, VIPUL M.
670 ## - SOURCE DATA FOUND
- Source citation:
Work cat.: (OSt): PRAJAPATI, DR. HETAL R. AND VAGHELA, VIPUL M., PRACTICAL MANUAL OF QUALITATIVE ORGANIC ANALYSIS